000 00647nam a2200241 a 4500
001 0001-1132
003 ELIB.Books
008 150504 2010 eng
020 _a0800626265
035 _a(ELIB.Books)0001-1287
092 _a225.072
_bBai
100 _aBaird, William.
245 _aHistory of New Testament Research
_bVolume One: From Dism to Tubingen
260 _aMinneapolis
_bFortress Press
_c1992
300 _a450
_c23.5 Cm
500 _aC/o Moe Lwei
650 _aNew Testament
856 _nKBTS: Library
_uKBTS: Elib
942 _2ddc
_cBK
990 _a1
998 _cbat
_e2015-05-04
999 _c11132
_d11132